000 00679nam a22002177a 4500
003 UA-OsUOA
001 55716
007 ta
008 20080919b un ||||| |||| 00| 0 ukr d
100 _aГражевська Н.
090 _a330(477)
_bГ75
942 _cSA
040 _aUA-OsUOA
_bukr
_cUA-OsUOA
_dUA-OsUOA
245 _aЗабезпечення конкурентоспроможності національної економіки в глобальному постіндустріальному вимірі
300 _aС.54-64
955 _a0
041 _aukr
080 _a330(477)
773 0 _w55714
650 7 _a330 Економіка взагалі
_2UDC
999 _c341795
_d341795